| 000 | 00772nam a22002057a 4500 | ||
|---|---|---|---|
| 999 |
_c20025 _d20025 |
||
| 003 | AR-CdUCM | ||
| 008 | 190514b ||||| |||| 00| 0 spa d | ||
| 040 |
_aMUNICIPALIDAD PROVINCIAL DEL CUSCO _cBIBLIOTECA MUNICIPAL DEL CUSCO |
||
| 082 |
_23ed. _a343.8 / _bF65 |
||
| 100 |
_aFlores Polo, Pedro _93159 |
||
| 245 | _aManual del código tributario / | ||
| 260 |
_aLima : _bCultural Cuzco, _c1983. |
||
| 300 |
_a699 páginas ; _c25 cm. |
||
| 505 | _aContenido : Aspectos tributarios de la nueva constitución política -- Abstención para vocales del tribunal fiscal -- Abuso del poder... | ||
| 650 |
_aObligación tributaria _940094 |
||
| 650 |
_aAcotación por estimación _941886 |
||
| 650 |
_aAdministrador de sociedades _941887 |
||
| 942 |
_2ddc _cLIBROS |
||
| 945 | _arcc | ||